000 00734nam a2200289Ia 4500
005 20260324132834.0
008 008 260324s9999 xx 000 0 eng d
020 _a9780203644102
037 _aEBOOK
040 _aCRL
040 _beng
040 _cCRL
041 _2eng
041 _aeng
084 _qCRL
100 _aJonathan Webber; Jean-Paul Sartre; revised by Arlette Elkaim-Sartre
_91190816
245 4 _aThe Imaginary
245 2 _bA Phenomenological Psychology of the Imagination
260 _bTaylor and Francis
260 _c2004
365 _a
365 _b220
856 _uhttp://www.taylorfrancis.com/books/9780203644102
942 _cEBOOK
999 _c1789274
_d1789274